ბათუმის შოთა რუსთაველის სახელმწიფო უნივერსიტეტის ბიბლიოთეკა

Экономические решения при проектировании электроснабжения промышленных предприятий. (ბიბ.ჩანაწერი № 40672)

000 -LEADER
fixed length control field 00793nam a2200205Ia 4500
001 - CONTROL NUMBER
control field 7300
003 - CONTROL NUMBER IDENTIFIER
control field GE_BSU
008 - FIXED-LENGTH DATA ELEMENTS--GENERAL INFORMATION
fixed length control field 181216s||||||||xx |||||||||||||| ||und||
040 ## - CATALOGING SOURCE
Transcribing agency GE_BSU
080 ## - UNIVERSAL DECIMAL CLASSIFICATION NUMBER
Universal Decimal Classification number 621.311.4
100 ## - MAIN ENTRY--PERSONAL NAME
Personal name Гительсон,С.М.
245 ## - TITLE STATEMENT
Title Экономические решения при проектировании электроснабжения промышленных предприятий.
245 ## - TITLE STATEMENT
Statement of responsibility, etc. Ред.В.Б.Куинджи. Т.Л.Зырянова.
260 ## - PUBLICATION, DISTRIBUTION, ETC.
Place of publication, distribution, etc. М.
260 ## - PUBLICATION, DISTRIBUTION, ETC.
Name of publisher, distributor, etc. Энергия.
260 ## - PUBLICATION, DISTRIBUTION, ETC.
Date of publication, distribution, etc. 1971.
300 ## - PHYSICAL DESCRIPTION
Extent 256стр.19см.с илл.
653 ## - INDEX TERM--UNCONTROLLED
Uncontrolled term Экономические решения при проектировании электроснабжения промышленных предприятий.
942 ## - ADDED ENTRY ELEMENTS (KOHA)
Koha item type წიგნი
ეგზემპლარები
Withdrawn status Lost status Damaged status Not for loan Date acquired Barcode Date last seen Price effective from Koha item type
        2018-12-17 10130 2018-12-17 2018-12-17 წიგნი